| 000 | 01102nam a22002537a 4500 | ||
|---|---|---|---|
| 005 | 20170124102930.0 | ||
| 010 | _aB-075074 | ||
| 020 |
_c395.00 _a8170558352 |
||
| 035 | _aB-075074 | ||
| 037 | _bCen Lib/Ret | ||
| 040 |
_aDPL _bHN |
||
| 082 |
_a820.8 _bनिराला |
||
| 245 |
_aनिराला संचयिता / _cसंपादक रमेश चन्द्र शाह |
||
| 246 |
_aNirala sanchayita / _bsampadak Ramesh Chandra Shah |
||
| 260 |
_aनयी दिल्ली _bवाणी प्रकशन _c2000 |
||
| 270 |
_a२१-ए, अंसारी रोड, दरिया गंज _bनयी दिल्ली _e110002 |
||
| 300 |
_a413पृ. _c19सेमी (सजिल्द) |
||
| 650 |
_aहिन्दी साहित्य _944892 |
||
| 650 |
_aकाव्य संकलन _xनिराला _944893 |
||
| 650 |
_aHindi literature _944894 |
||
| 650 |
_aPoetry anthology _xNirala _944895 |
||
| 700 |
_aशाह, रमेश चन्द्र _944896 |
||
| 942 |
_2ddc _cHN _h820.8 _mनिराला |
||
| 999 |
_c111882 _d111882 |
||